Statistics for Three Biggest Cities by Turkic-Speaking Country on a Map

Click here to take the quiz!

General Stats

  • This quiz has been taken 120 times
  • The average score is 11 of 18

Answers on the Map

Answers color-coded by a green-red scale on the quiz's map according to % correct below.
 

Answer Stats

PopCity% Correct
15.1 mIstanbul
100%
5.04 mAnkara
99%
1.23 mBaku
97%
2.96 mIzmir
95%
1.13 mNur-Sultan
90%
2.35 mTashkent
87%
1.04 mBishkek
86%
1.91 mAlmaty
85%
827 kAshgabat
82%
509 kSamarkand
57%
283 kOsh
45%
1.04 mShymkent
40%
328 kGanja
30%
256 kTurkmenabat
24%
111 kJalal-Abad
23%
297 kSumqayit
18%
210 kDaşoguz
14%
475 kNamangan
14%

Score Distribution

Percentile by Number Answered

Percent of People with Each Score

Your Score History

You have not taken this quiz